The Office Trivia #R - Statistics

General Stats
  • This quiz has been taken 47 times
  • The average score is 8 of 15
Answer Stats
Hint Answer % Correct
Fire Guy, The Temp etc Ryan Howard
100%
Michaels job title Regional Manager
97%
Warehouse worker, engaged to Pam Roy Anderson
97%
Michael organizes a Fun Run for the cure for which disease? Rabies
89%
Charles wants Jim to send him a __ Rundown
50%
Replaces Pam at reception, while Pam is at art school Ronni
47%
Who would Jim save, if the ship would sink? The Receptionist
44%
A bunch of complaints Toby collected are marked with __, meaning the person making them withdrew them later. Redacted
42%
Actor of Darryl Philbin (surname) Craig Robinson
36%
Kellys doctor boyfriend Ravi
33%
One of Dwights best friends Rolf
33%
Shabooya ya ya Shabooya __ __ Role Call
28%
Oscar wins the costume contest with this costume Rational consumer
22%
Kevins dog, who seems dead but isnt Ruby
17%
Kellys middle name (Kevin thinks its a boys name) Radjnighanda
14%
No matching quizzes found
Score Distribution
Percent of People with Each Score
Percentile by Number Answered
Your Score History
You have not taken this quiz